| 000 | 00570cam a2200205Ii 4500 | ||
|---|---|---|---|
| 008 | |||
| 020 | _a0538333200 (pbk.) | ||
| 049 | _aMAIN | ||
| 090 | _aTS155.6 | ||
| 100 | 1 | _aGoetsch, David L. | |
| 245 | 1 | 4 |
_aThe CAD/CAM workbook / _cDavid L. Goetsch. |
| 260 |
_aCincinnati : _bSouth-Western Pub. Co., _c1983. |
||
| 300 |
_av, 153 p. : _bill. ; _c28 cm. |
||
| 650 | 0 | _aComputer graphics. | |
| 907 |
_a.b10069847 _b26-01-07 _c17-04-03 |
||
| 003 | |||
| 005 | 20230123133245.0 | ||
| 040 | _cNUST | ||
| 942 |
_cBOOKS _kTS155.6 |
||
| 999 |
_c145451 _d145451 |
||